| Tag |
First Indicator |
Second Indicator |
Subfields |
| LEADER |
00000cam a2200000 a 4500 |
| 001 |
in00001613639 |
| 005 |
20151023054102.0 |
| 008 |
010103s2001 enka b 101 0 eng |
| 010 |
|
|
|a 2001016290
|
| 020 |
|
|
|a 0198298579 (acid-free paper)
|
| 035 |
|
|
|a (OCoLC)ocm45698819
|
| 040 |
|
|
|a DLC
|c DLC
|d ZBL
|d UtOrBLW
|
| 042 |
|
|
|a pcc
|
| 049 |
|
|
|a TXAM
|
| 050 |
0 |
0 |
|a K1401.A6
|b E96 2001
|
| 082 |
0 |
0 |
|a 346.04/8
|2 21
|
| 245 |
0 |
0 |
|a Expanding the boundaries of intellectual property :
|b innovation policy for the knowledge society /
|c edited by Rochelle Cooper Dreyfuss, Diane Leenheer Zimmerman, Harry First.
|
| 264 |
|
1 |
|a Oxford ;
|a New York :
|b Oxford University Press,
|c 2001.
|
| 300 |
|
|
|a xliv, 447 pages :
|b illustrations ;
|c 24 cm.
|
| 336 |
|
|
|a text
|b txt
|2 rdacontent
|
| 337 |
|
|
|a unmediated
|b n
|2 rdamedia
|
| 338 |
|
|
|a volume
|b nc
|2 rdacarrier
|
| 500 |
|
|
|a Papers presented at a conference held at La Pietra, in Florence, Italy.
|
| 504 |
|
|
|a Includes bibliographical references and index.
|
| 650 |
|
0 |
|a Intellectual property
|v Congresses.
|
| 700 |
1 |
|
|a Dreyfuss, Rochelle Cooper,
|d 1947-
|
| 700 |
1 |
|
|a Zimmerman, Diane Leenheer.
|
| 700 |
1 |
|
|a First, Harry,
|d 1945-
|
| 945 |
|
|
|i PromptCat
|
| 948 |
|
|
|a cataloged
|b h
|c 2001/6/13
|d c
|e cmulkey
|f 12:49:36 pm
|
| 994 |
|
|
|a 92
|b TXA
|
| 999 |
|
|
|a MARS
|
| 999 |
f |
f |
|s 00886c09-c8fb-33c7-a3c0-be9b744ce3ae
|i 19717071-f88f-351c-8c06-7a1b64a96c21
|t 0
|
| 952 |
f |
f |
|p ric
|a Texas A&M University
|b Rellis Campus
|c Joint Library Facility
|d Remote Storage
|t 0
|e K1401.A6 E96 2001
|h Library of Congress classification
|i unmediated -- volume
|m A14827732285
|
| 998 |
f |
f |
|a K1401.A6 E96 2001
|t 0
|l Remote Storage
|